Leadership in nursing practice : the intersection of innovation and teamwork in healthcare systems / Daniel Weberg and Kara Mangold. (Record no. 20313)
| 000 -LEADER | |
|---|---|
| fixed length control field | 02300cam a2200217 i 4500 |
| 020 ## - INTERNATIONAL STANDARD BOOK NUMBER | |
| ISBN | 9781284248890 (paperback) |
| 082 ## - DEWEY DECIMAL CLASSIFICATION NUMBER | |
| Classification number | 610.73068 |
| Item number | W376 2023 |
| 100 1# - MAIN ENTRY--AUTHOR NAME | |
| Personal name | Weberg, Daniel Robert, author. |
| 245 10 - TITLE STATEMENT | |
| Title | Leadership in nursing practice : the intersection of innovation and teamwork in healthcare systems / Daniel Weberg and Kara Mangold. |
| 250 ## - EDITION STATEMENT | |
| Edition statement | Fourth edition. |
| 260 ## - PUBLICATION, DISTRIBUTION, ETC. (IMPRINT) | |
| Place of publication | Burlington, MA : |
| Name of publisher | Jones & Bartlett Learning, |
| 300 ## - PHYSICAL DESCRIPTION | |
| Number of Pages | xxvi, 613 pages : |
| Other physical details | illustrations ; |
| Accompanying material | ©2023. |
| 500 ## - GENERAL NOTE | |
| General note | Originally published as: Leadership in nursing practice / Tim Porter-O'Grady and Kathy Malloch. 2013 |
| 520 ## - SUMMARY, ETC. | |
| Summary, etc | "Leadership in Nursing Practice provides pre-licensure nursing students with the skillsets and tools they need to become strong leaders and active partners in healthcare. Straightforward and comprehensive, this text clearly distinguishes between leadership and management and emphasizes transition to practice applications that help prepare students for various leadership roles. Experienced authors guide students through topics such as the foundations of leadership, transitioning to the professional role, time management, fiscal/financial management, communication/negotiation, ethical decision making, career management, and more, but Leadership in Nursing Practice doesn't just talk about these concepts. This text goes a step further, challenging and empowering students to problem-solve and think critically about approaches to nursing practice and their own crucial partnership in the field of healthcare. Pedagogical tools such as case scenarios, reflective questions and critical thoughts are interspersed throughout the text, offering examples that are both relevant to practice and experiential in nature. Review questions based in AONE competencies round out each chapter, along with several appendices that bolster student comprehension with tips and tricks on topics like writing for publications and speaking from a podium, assessments for core skills like negotiation, and exercises that challenge students to think dynamically about what leadership looks like in various settings"-- |
| 650 #0 - SUBJECT ADDED ENTRY--TOPICAL TERM | |
| Topical Term | Nurse administrators. |
| 650 #0 - SUBJECT ADDED ENTRY--TOPICAL TERM | |
| Topical Term | Leadership. |
| 650 #2 - SUBJECT ADDED ENTRY--TOPICAL TERM | |
| Topical Term | Nursing, Supervisory. |
| 650 #2 - SUBJECT ADDED ENTRY--TOPICAL TERM | |
| Topical Term | Leadership. |
| 700 1# - ADDED ENTRY--PERSONAL NAME | |
| Personal name | Mangold, Kara. |
| 942 ## - ADDED ENTRY ELEMENTS (KOHA) | |
| Koha item type | Books |
| Source of acquisition | Permanent Location | Date acquired | Koha item type | Collection code | Accession Number | Lost status | Shelving location | Withdrawn status | Current Location | Full call number |
|---|---|---|---|---|---|---|---|---|---|---|
| School | Cagayan State University - Carig Library | 2025-04-02 | Books | Nursing | N000161 | Nursing Library | Cagayan State University - Carig Library | 610.73068 W376 2023 | ||
| School | Cagayan State University - Carig Library | 2025-04-02 | Books | Nursing | N000162 | Nursing Library | Cagayan State University - Carig Library | 610.73068 W376 2023 | ||
| School | Cagayan State University - Carig Library | 2025-04-02 | Books | Nursing | N000163 | Nursing Library | Cagayan State University - Carig Library | 610.73068 W376 2023 | ||
| School | Cagayan State University - Carig Library | 2025-04-02 | Books | Nursing | N000164 | Nursing Library | Cagayan State University - Carig Library | 610.73068 W376 2023 | ||
| School | Cagayan State University - Carig Library | 2025-04-02 | Books | Nursing | N000165 | Nursing Library | Cagayan State University - Carig Library | 610.73068 W376 2023 |